Contemporary Architecture In China (Record no. 15683)

MARC details
000 -LEADER
fixed length control field 00355nam a2200145Ia 4500
008 - FIXED-LENGTH DATA ELEMENTS--GENERAL INFORMATION
fixed length control field 220803s9999 xx 000 0 und d
020 ## - INTERNATIONAL STANDARD BOOK NUMBER
International Standard Book Number 9783869221212
041 ## - LANGUAGE CODE
Language code of text/sound track or separate title eng
082 ## - DEWEY DECIMAL CLASSIFICATION NUMBER
Classification number 720.28 DUB
100 ## - MAIN ENTRY--PERSONAL NAME
Personal name Dubrau C
9 (RLIN) 24795
245 ## - TITLE STATEMENT
Title Contemporary Architecture In China
260 ## - PUBLICATION, DISTRIBUTION, ETC. (IMPRINT)
Place of publication, distribution, etc. Berlin
Name of publisher, distributor, etc. Dom Publisher
Date of publication, distribution, etc. 2010
300 ## - PHYSICAL DESCRIPTION
Extent 312p
500 ## - GENERAL NOTE
Keywords ARCHI
Holdings
Withdrawn status Lost status Damaged status Not for loan Collection code Home library Current library Date acquired Vendor Cost, normal purchase price Full call number Barcode Date last seen Cost, replacement price Bill Date Koha item type Original Barcode
      Reference Book of B Arch Dr. Bhanuben Nanavati College of Architecture Dr. Bhanuben Nanavati College of Architecture 30/01/2015 Rohan Book Centre 4224.00 720.96 DUB BNCA-BK-9084 03/08/2022 4224.00 29/01/2015 Reference book B09084